Most Read Books of All Time - Statistics

General Stats
  • This quiz has been taken 73 times
  • The average score is 5 of 20
Answer Stats
# of Printed Copies Book Author % Correct
7,126,750,000 Bible Various
93%
3,049,740,000 Quran Various
76%
146,660,000 Harry Potter and the Philosopher's Stone Joanne Kathleen Rowling
53%
159,680,000 Lord of the Rings John Ronald Reuel Tolkien
41%
74,560,000 Harry Potter and the Prisoner of Azkaban Joanne Kathleen Rowling
40%
85,600,000 Harry Potter and the Chamber of Secrets Joanne Kathleen Rowling
38%
72,550,000 Harry Potter and the Goblet of Fire Joanne Kathleen Rowling
38%
110,140,000 The Hobbit John Ronald Reuel Tolkien
26%
208,710,000 A Tale of Two Cities Charles Dickens
15%
524,720,000 Don Quixote Miguel de Cervantes
13%
81,580,000 The Da Vinci Code Dan Brown
13%
118,650,000 Alice's Adventures in Wonderland Lewis Carroll
9%
913,730,000 Little Red Book Mao Zedong
9%
116,160,000 And Then There Were None Agatha Christie
7%
154,670,000 The Alchemist Paulo Coelho
7%
205,100,000 The Little Prince Antoine de Saint-Exupéry
7%
90,960,000 The Lion, The Witch and the Wardrobe Clive Staples Lewis
6%
203,990,000 Book of Mormon Joseph Smith
4%
114,130,000 Dream of the Red Chamber Cao Xueqin
0%
84,590,000 She: a History of Adventure Henry Rider Haggard
0%
No matching quizzes found
Score Distribution
Percent of People with Each Score
Percentile by Number Answered
Your Score History
You have not taken this quiz